| 000 | 00580nam a2200193Ia 4500 | ||
|---|---|---|---|
| 003 | GCL | ||
| 008 | 140319s9999 xx 000 0 ara d | ||
| 040 |
_aGCL / _cGCL |
||
| 082 | 0 | 4 |
_a812 _bع ن |
| 100 | 1 | _aعباس احمد | |
| 245 | 1 | 0 |
_aالندم: مسرحية / _cعباس احمد |
| 260 |
_a[S.N] : _bالهيئة المصرية العامة للكتاب ، _c1993 |
||
| 300 | _a137 ص | ||
| 490 |
_aسلسلة اشراقات ادبية _v0 |
||
| 650 | 0 | 4 | _aالادب العربى |
| 650 | 0 | 4 | _aالعصر الحديث |
| 650 | 0 | 4 | _aمسرحيات |
| 942 |
_2ddc _cBK |
||
| 999 |
_c33337 _d33337 |
||